40 vragen over van alles en nog wat - Quiz 11 - Statistieken

Algemene statistieken
  • Deze quiz is 18 keer genomen
    17 sinds de laatste reset
  • De gemiddelde score is 19 van 40
Antwoordstatistieken
Hint Antwoord % Correct
Wat is de grootste bergketen in Europa Alpen
100%
In hoeveel landen ligt deze bergketen 8
94%
Noem ze alle acht Frankrijk
94%
Noem ze alle acht Italie
94%
Noem ze alle acht Oostenrijk
94%
Noem ze alle acht Zwitserland
94%
Welk land, behalve Vaticaanstad, wordt volledig omringd door Italië San Marino
88%
Noem ze alle acht Duitsland
82%
Noem ze alle acht Liechtenstein
82%
Wat is de hoogste berg Mont Blanc
82%
Noem ze alle acht Slovenie
82%
In welk land is eigenwoningbezit het grootst 3 Slovenië
82%
Welke Nederlandse stad heeft de drukste haven van Europa Rotterdam
71%
Hoeveel % draagt Nederland bij aan het Europese bbp 5
65%
Noem alle provincies die aan Duitsland grenzen 1 Groningen
65%
Noem alle provincies die aan Duitsland grenzen 6 Limburg
65%
Noem ze alle acht Monaco
65%
Noem alle provincies die aan Duitsland grenzen 3 Overijssel
59%
Welk eiland ligt ten noorden van Sardinië Corsica
53%
Noem alle provincies die aan Duitsland grenzen 4 Gelderland
53%
Noem alle provincies die aan Duitsland grenzen 5 Noord Brabant
53%
In welk water mond de rivier de Po uit Adriatische zee
47%
Noem alle provincies die aan Duitsland grenzen 2 Drente
47%
In welk land is eigenwoningbezit het grootst 2 Kroatië
35%
Hoeveel % van de Nederlanders gaat op vakantie 85
24%
Noem de bekendste wijngebieden van Duitsland 2 Moezel
24%
Noem daarna de 3 Duitse provincie/bundeslanden die grenzen aan NL 3 Nedersaksen
24%
Noem daarna de 3 Duitse provincie/bundeslanden die grenzen aan NL 2 Noordrijn-Westfalen
24%
Hoeveel % van Europeanen gaat op vakantie 62
18%
Hoe heet de brug tussen Denemarken en Zweden Öresundbrug
12%
Noem daarna de 3 Duitse provincie/bundeslanden die grenzen aan NL 1 Rijnland-Palts
12%
Wat is de hoofdstad van het onderste genoemde bundesland Hannover
6%
Wat is de hoofdstad van het bovenste genoemde bundesland Mainz
6%
Noem de bekendste wijngebieden van Duitsland 5 Mittelrhein
6%
Noem de bekendste wijngebieden van Duitsland 4 Palts
6%
In welk land is eigenwoningbezit het grootst 1 Roemenie
6%
Dichtbij welke Franse stad ontspringt de Schelde Saint-Quentin
6%
In welk departement ligt deze stad Aisne
0%
Noem de bekendste wijngebieden van Duitsland 3 Franken
0%
Noem de bekendste wijngebieden van Duitsland 1 Rheinhessen
0%
Geen overeenkomende quizzen gevonden
Scoreverdeling
Procent van Mensen met Elke Score
Percentiel versus Aantal Correcte Antwoorden
Uw Scoregeschiedenis
U heeft deze quiz nog niet genomen sinds de laatste reset